Football par lettre - S - Statistiques

Statistiques générales
  • Ce quiz a été pris 147 fois
  • Le résultat moyen est 10 sur 20
Statistiques - réponses
Hint Réponse % Correct
Attaquant qui ne manque pas de mordant Luis Suarez
97%
Ville autrichienne dont le club appartient à Red Bull Salzbourg
91%
Club brésilien dont Pelé est une légende Santos
91%
Danse brésilienne ou gardien international français Samba
83%
Club anglais surnommé les Saints Southampton
78%
Footballeur argentin tragiquement décédé dans un accident d'avion Emiliano Sala
72%
Entraineur surnommé "Cholo" Diego Simeone
69%
Finaliste de la CDM 1958 Suede
66%
Joueur suisse passé par l'Inter, le Bayern et Chicago Xherdan Shaqiri
64%
Meilleur buteur de la séléction algérienne Islam Slimani
61%
Club rival de Newcastle situé dans le Tyne and Wear Sunderland
54%
Animal associé à René Higuita Scorpion
48%
Au Bayern et à Manchester United, il portait le numéro 31 Bastian Schweinsteiger
38%
Club associé au canton de Genève Servette FC
28%
Ville où le premier club de football a vu le jour Sheffield
28%
Pays dans lequel on retrouve le club de Tre Fiori Saint Marin
20%
Figure antique liés à plusieurs clubs, notamment à Prague, Moscou et Rotterdam Spartacus
18%
Complétez cette maxime footballistique anglaise : can they do it on a cold rainy night in ... Stoke
17%
Ville de naissance de José Mourinho Setubal
12%
Club principal des Açores, évoluant en D1 portugaise Santa Clara
11%
Aucun quiz correspondant
Distribution des résultats
% des personnes avec chaque résultat
Percentile par nombre de réponses
Votre historique - résultats
Vous n’avez pas pris ce quiz